Sick friends /

Bibliographic Details
Main Author: Gold, Ivan
Format: Book
Language:English
Published: New York : Washington Square Press, 1992.

MARC

Tag First Indicator Second Indicator Subfields
LEADER 00000cam a2200000 a 4500
001 in00001145113
005 20150930094506.0
008 920430r19921969nyu 000 1 eng
010 |a  92016459  
020 |a 0671756044 :  |c $10.00 ($12.50 Can.) 
035 |a (OCoLC)25914073 
035 |9 AGB3276AM 
040 |a DLC  |c DLC  |d TXA  |d UtOrBLW 
049 |a TXAM 
050 0 0 |a PS3557.O35  |b S55 1992 
082 0 0 |a 813/.54  |2 20 
100 1 |a Gold, Ivan. 
245 1 0 |a Sick friends /  |c Ivan Gold. 
264 1 |a New York :  |b Washington Square Press,  |c 1992. 
300 |a 372 pages ;  |c 21 cm. 
336 |a text  |b txt  |2 rdacontent 
337 |a unmediated  |b n  |2 rdamedia 
338 |a volume  |b nc  |2 rdacarrier 
999 |a MARS 
999 f f |s b6733273-bbf8-3e23-8d39-8c6c47237048  |i 1a7a43f2-e310-357b-9cd1-f952052f5c70  |t 0 
952 f f |p ric  |a Texas A&M University  |b Rellis Campus  |c Joint Library Facility  |d Remote Storage  |t 0  |e PS3557.O35 S55 1992  |h Library of Congress classification  |i unmediated -- volume  |m A14817562450 
998 f f |a PS3557.O35 S55 1992  |t 0  |l Remote Storage